000 00283nam a22001337a 4500
008 170622b xxu||||| |||| 00| 0 eng d
020 _a2900195130170
041 _aeng
080 _a32
100 _a21
101 _aSHP
245 _aVOTER FOR WOMEN
_cBAKER,J.H
942 _2udc
_cBK
999 _c18714
_d18714